Admission to the examinations and membership of the Institute (Record no. 114829)

MARC details
000 -LEADER
fixed length control field 00861cam a22001815a 4500
001 - CONTROL NUMBER
control field L157547
008 - FIXED-LENGTH DATA ELEMENTS--GENERAL INFORMATION
fixed length control field 130115e19470901xxk f 000 0 eng d
035 ## - SYSTEM CONTROL NUMBER
System control number (Sirsi) u157547
041 0# - LANGUAGE CODE
Language code of text/sound track or separate title eng
110 2# - MAIN ENTRY--CORPORATE NAME
Corporate name or jurisdiction name as entry element Royal Institution of Chartered Surveyors
9 (RLIN) 4900
245 00 - TITLE STATEMENT
Title Admission to the examinations and membership of the Institute
Remainder of title guide for the use of the Elections Committee and Honorary Secretaries of the Branches
260 ## - PUBLICATION, DISTRIBUTION, ETC.
Place of publication, distribution, etc. London
Name of publisher, distributor, etc. RICS
Date of publication, distribution, etc. 1947
300 ## - PHYSICAL DESCRIPTION
Extent 20 p.
Dimensions 22 cm.
520 ## - SUMMARY, ETC.
Summary, etc. Prepared to inform the work of the Elections Committee in advising the Council on applications for Studentship, examination, election as a Fellow, Colonial Fellow and Professional Associate, transfer from Professional Associate to Fellow and for reinstatement to membership.
651 #4 - SUBJECT ADDED ENTRY--GEOGRAPHIC NAME
Geographic name Great Britain
Chronological subdivision 1707-
690 ## - LOCAL SUBJECT ADDED ENTRY--TOPICAL TERM (OCLC, RLIN)
Topical term or geographic name as entry element Business and management
942 ## - ADDED ENTRY ELEMENTS (KOHA)
Suppress in OPAC 0
Holdings
Withdrawn status Lost status Source of classification or shelving scheme Damaged status Not for loan Home library Current library Shelving location Date acquired Total Checkouts Full call number Barcode Date last seen Copy number Price effective from Koha item type
    Dewey Decimal Classification     Historic collection Historic collection RICS Boxes 15/01/2013   RICS 1947/4 30078070 06/08/2019 1 06/08/2019 Archive